000
00323nam a22001337a 4500
008
181001b xxu||||| |||| 00| 0 eng d
020
_a
9780761916994
041
_a
eng
080
_a
159.9
100
_a
49
101
_a
PSI
245
_a
The link between childhood trauma and mental illness
_c
Everett,B
942
_2
udc
_c
BK
999
_c
48727
_d
48727